Understanding international purchasing

Enregistré dans:
Détails bibliographiques
Auteur principal: Mrope, Noel
Autres auteurs: Mayaga, Emmanuel (Author)
Format: Livre
Publié: Morogoro : Mzumbe Book Project, c2005.
Sujets:
Tags: Ajouter un tag
Pas de tags, Soyez le premier à ajouter un tag!

MARC

LEADER 00000nam a22000007a 4500
005 20260624082954.0
020 |a 998755234X  |c Tshs 10000/= 
040 |a DCC LIBRARY  |b eng.  |e AACR 
082 |a 658.72 MRO 
100 |a Mrope, Noel 
245 |a Understanding international purchasing  |c / Noel, Mrope and Emmanuel Mayage 
260 |a Morogoro :  |b Mzumbe Book Project,  |c c2005. 
300 |a iii, 130 p.:  |b ill.;  |c 25 cm. 
504 |a Includes selected references. 
650 |a International trade 
650 |a Foreign suppliers 
650 |a INCOTERMS 
650 |a Currency fluctuations 
650 |a Economic integration 
650 |a Clearing and forwarding 
650 |a Commodity markets 
700 |a Mayaga, Emmanuel  |c (Author) 
942 |c BK 
999 |c 12765  |d 12765